000
00198nam a22000977a 4500
041
_a
eng
080
_a
80
100
_a
Pierre, S. St.
245
_a
The mysterious Dude of Ghost Ranch.
999
_c
280675
_d
280675
942
_c
BK